<?xml version="1.0" encoding="UTF-8"?><?xml-stylesheet type="text/xsl" href="static/style.xsl"?><OAI-PMH xmlns="http://www.openarchives.org/OAI/2.0/" xmlns:xsi="http://www.w3.org/2001/XMLSchema-instance" xsi:schemaLocation="http://www.openarchives.org/OAI/2.0/ http://www.openarchives.org/OAI/2.0/OAI-PMH.xsd"><responseDate>2026-04-13T05:59:48Z</responseDate><request verb="GetRecord" identifier="oai:www.recercat.cat:10256/11710" metadataPrefix="marc">https://recercat.cat/oai/request</request><GetRecord><record><header><identifier>oai:recercat.cat:10256/11710</identifier><datestamp>2025-03-18T06:01:38Z</datestamp><setSpec>com_2072_452955</setSpec><setSpec>com_2072_2054</setSpec><setSpec>col_2072_453073</setSpec></header><metadata><record xmlns="http://www.loc.gov/MARC21/slim" xmlns:dcterms="http://purl.org/dc/terms/" xmlns:xsi="http://www.w3.org/2001/XMLSchema-instance" xmlns:doc="http://www.lyncode.com/xoai" xsi:schemaLocation="http://www.loc.gov/MARC21/slim http://www.loc.gov/standards/marcxml/schema/MARC21slim.xsd">
   <leader>00925njm 22002777a 4500</leader>
   <datafield ind2=" " ind1=" " tag="042">
      <subfield code="a">dc</subfield>
   </datafield>
   <datafield ind2=" " ind1=" " tag="720">
      <subfield code="a">Fontanet Cepeda, Mònica</subfield>
      <subfield code="e">author</subfield>
   </datafield>
   <datafield ind2=" " ind1=" " tag="720">
      <subfield code="a">Rodríguez Pizarro, Montserrat</subfield>
      <subfield code="e">author</subfield>
   </datafield>
   <datafield ind2=" " ind1=" " tag="720">
      <subfield code="a">Fontrodona, Xavier</subfield>
      <subfield code="e">author</subfield>
   </datafield>
   <datafield ind2=" " ind1=" " tag="720">
      <subfield code="a">Romero García, Isabel</subfield>
      <subfield code="e">author</subfield>
   </datafield>
   <datafield ind2=" " ind1=" " tag="720">
      <subfield code="a">Viñas Teixidor, Clara</subfield>
      <subfield code="e">author</subfield>
   </datafield>
   <datafield ind2=" " ind1=" " tag="720">
      <subfield code="a">Teixidor Bombardó, Francesc</subfield>
      <subfield code="e">author</subfield>
   </datafield>
   <datafield ind2=" " ind1=" " tag="260">
      <subfield code="c">info:eu-repo/date/embargoEnd/2026-01-01</subfield>
   </datafield>
   <datafield ind2=" " ind1=" " tag="260">
      <subfield code="c">2015</subfield>
   </datafield>
   <datafield ind2=" " ind1=" " tag="520">
      <subfield code="a">New dinuclear carboranylcarboxylate-bridged and mononuclear copper(II) compounds containing the 1-CO2H-2-H-1,2-closo-C2B10H10 carborane ligand (LH) have been synthesized from the previously synthesized dinuclear compound [Cu-2(mu-L)(4)(THF)(2)], 1. Reaction of LH with CuSO4 in THF leads to the dinuclear compound [CCu2(mu-L)(4)(THF)(2)], 1. The reaction of 1 with different terminal pyridyl ligands leads to the formation of a series of structurally analogous complexes by substitution of the terminal ligand THF (L-t = py, 2; p-CF3-py, 3; p-CH3-py, 4), which maintain the structural Cu-2(mu-O2CR)(4) core in most of the cases except for o-(CH3)(2)-py where a mononuclear compound (5) is exclusively obtained. In the case of 2 and 4, other dinuclear compounds [Cu-2(L)(4)(L-t)(4)], 2' and 4' are obtained in lower yield. These compounds have been characterized using analytical, spectroscopic (NMR, IR, UV-visible) and electrochemical techniques (CV, DPV). X-ray analysis revealed a paddle-wheel structure for the main dinuclear compounds with a square-pyramidal geometry around each copper ion and the carboranylcarboxylate ions bridging two copper atoms in syn-syn mode. In the case of 2' and 4' there are two carboranylcarboxylate ions bridging the copper atoms in syn-anti mode whereas the other two adopt a monodentate coordination mode. The mononuclear complex obtained with the o-(CH3)-py ligand presents a square-planar structure, in which the carboranylcarboxylate ligand adoptsmonodentate coordination. The effect of the substituent group on the cluster of the carboranylcarboxylate ligands on the reactivity of compound 1 is also discussed</subfield>
   </datafield>
   <datafield ind2=" " ind1=" " tag="520">
      <subfield code="a">This research was financed by MEC of Spain through projects, CTQ2010-21532-C02-01, CTQ2013-44670-R, European Union (COST Action CM1302-Smart Inorganic Polymers) and the Generalitat de Catalunya (2014 SGR 149)</subfield>
   </datafield>
   <datafield tag="653" ind2=" " ind1=" ">
      <subfield code="a">Coure -- Compostos</subfield>
   </datafield>
   <datafield tag="653" ind2=" " ind1=" ">
      <subfield code="a">Copper compounds</subfield>
   </datafield>
   <datafield tag="653" ind2=" " ind1=" ">
      <subfield code="a">Enllaços d'hidrogen</subfield>
   </datafield>
   <datafield tag="653" ind2=" " ind1=" ">
      <subfield code="a">Hydrogen bonding</subfield>
   </datafield>
   <datafield tag="653" ind2=" " ind1=" ">
      <subfield code="a">Reaccions químiques</subfield>
   </datafield>
   <datafield tag="653" ind2=" " ind1=" ">
      <subfield code="a">Chemical reactions</subfield>
   </datafield>
   <datafield ind2="0" ind1="0" tag="245">
      <subfield code="a">Intramolecular hydrogen bonding stabilizes the nuclearity of complexes. A comparative study based on the H-carborane and Me-carborane framework</subfield>
   </datafield>
</record></metadata></record></GetRecord></OAI-PMH>